Working the field (Record no. 211352)
[ view plain ]
| 000 -LEADER | |
|---|---|
| fixed length control field | 01541nam a2200373Ia 4500 |
| 082 04 - DEWEY DECIMAL CLASSIFICATION NUMBER | |
| Classification number | 398.2/089410763 |
| 245 00 - TITLE STATEMENT | |
| Title | Working the field |
| 260 ## - PUBLICATION, DISTRIBUTION, ETC. (IMPRINT) | |
| Place of publication | Jackson, Miss. : |
| Name of publisher | University Press of Mississippi, |
| Year of publication | c2009. |
| 300 ## - PHYSICAL DESCRIPTION | |
| Number of Pages | xliii, 174 p. |
| 650 #0 - SUBJECT ADDED ENTRY--TOPICAL TERM | |
| Topical Term | Cajuns |
| Topical Term | Cajuns |
| Topical Term | Creoles |
| Topical Term | Creoles |
| Topical Term | Ethnology |
| Topical Term | Folklore |
| 700 1# - ADDED ENTRY--PERSONAL NAME | |
| Personal name | Henry, Jacques. |
| Personal name | Le Menestrel, Sara. |
| 856 40 - ELECTRONIC LOCATION AND ACCESS | |
| Uniform Resource Identifier | http://site.ebrary.com/lib/rucke/Doc?id=10355614 |
No items available.
